000 00817nam0a22002411 4500
001 RU\NLR\A1SV\24307
005 20251203171251.9
035 _a(NLR Aleph) 009709106
090 _a9824635
_c9824635
100 _a20121020d1923 u y0rusy50 ca
101 0 _arus
102 _aRU
200 1 _a[Отчет]
_fVII-я Аткар. уезд. конф. профсоюза Пищевкус. С 28 июля 1922 г. по 1 июля 1923 г.
210 _aАткарск
_d1923
215 _a43 с.
_d26 см
620 _dАткарск
710 0 2 _aСоюз рабочих пищевой и вкусовой промышленности СССР
_bАткарская уезд. конф.
_d7
_f1923
801 0 _aRU
_bNLR
_c20121020
852 _aNLR
_j17.152.7.19
942 _cBOOK
980 _aNB
980 _aA1SV